000 00338pab a2200145 454500
008 180718b2004 xxu||||| |||| 00| 0 eng d
100 _aPatel, I.G.
245 _aOn privatisation
260 _c2004
300 _ap.2421-422.
362 _a12 Jun
650 _aPrivatization
773 _aEconomic and Political Weekly
909 _a61153
999 _c61153
_d61153